[Event "DSOL 2021"]
[Site "Germany"]
[Date "2021.02.01"]
[Round "2.1"]
[White "Ahlberg, Matthias"]
[Black "Rieling, Thomas"]
[Result "1-0"]
[WhiteElo "2207"]
[BlackElo "2069"]
[Annotator "TA"]
[PlyCount "67"]
[EventDate "2021.01.18"]
[EventType "team-tourn"]
[EventCountry "GER"]
[SourceTitle "playchess.com"]
[Source "ChessBase"]
[SourceQuality "1"]

1. e4 e5 2. Nf3 Nc6 3. Bb5 f5 4. d4 fxe4 5. Nxe5 Nxe5 6. dxe5 c6 7. Nc3 cxb5 8. Nxe4 Qa5+ 9. c3 b4 10. O-O d5 11. exd6 Bd7 12. cxb4 Qf5 13. Ng3 Qg6 14. Re1+ Kd8 15. Bf4 Rc8 16. Qd5 b6 17. Rac1 Rb8 18. Rc7 Nf6 19. Bg5 Bxd6 20. Rxd7+ Kxd7 21. Qe6+ Kc7 22. Rc1+ Kb7 23. Bxf6 Qxf6 24. Qd5+ Ka6 25. b5+ Ka5 26. Ne4 Bxh2+ 27. Kh1 Qxb2 28. Rc7 Ra8 29. Nd2 Qb1+ 30. Nxb1 Bxc7 31. Qb3 Rad8 32. Nc3 Rd4 33. Qa3+ Ra4 34. Qxa4# 1-0

[Event "DSOL 2021"]
[Site "Germany"]
[Date "2021.02.02"]
[Round "2.1"]
[White "Renner, Kai"]
[Black "Perestjuk, Marko"]
[Result "0-1"]
[WhiteElo "2185"]
[BlackElo "2160"]
[Annotator "TA"]
[PlyCount "52"]
[EventDate "2021.01.18"]
[EventType "team-tourn"]
[EventCountry "GER"]
[SourceTitle "playchess.com"]
[Source "ChessBase"]
[SourceQuality "1"]

1. e4 c5 2. Nf3 d6 3. d4 cxd4 4. Nxd4 Nf6 5. Nc3 Bd7 6. Bg5 e6 7. Ndb5 Bxb5 8. Bxb5+ Nc6 9. Qf3 Rc8 10. O-O-O Qa5 11. Bxf6 gxf6 12. Qxf6 Rg8 13. Qf4 a6 14. Bxc6+ Rxc6 15. Rd3 Bg7 16. Rhd1 Be5 17. Qe3 Rxg2 18. Qa7 Qc7 19. Rh3 b5 20. Qa8+ Qc8 21. Qxc8+ Rxc8 22. Rxh7 Rxf2 23. Rg1 Ke7 24. Kb1 b4 25. Na4 Rcxc2 26. Rc1 Rxb2+ 0-1

[Event "DSOL 2021"]
[Site "Germany"]
[Date "2021.02.01"]
[Round "2.1"]
[White "Lesny, Florian"]
[Black "Volkmer, Andreas"]
[Result "1/2-1/2"]
[WhiteElo "2180"]
[BlackElo "2175"]
[Annotator "TA"]
[PlyCount "59"]
[EventDate "2021.01.18"]
[EventType "team-tourn"]
[EventCountry "GER"]
[SourceTitle "playchess.com"]
[Source "ChessBase"]
[SourceQuality "1"]

1. e4 c5 2. Nf3 Nf6 3. e5 Nd5 4. c3 d6 5. d4 cxd4 6. cxd4 e6 7. Bc4 Nb6 8. Bd3 Nc6 9. O-O dxe5 10. dxe5 Nb4 11. Bb5+ Bd7 12. Nc3 Be7 13. Qe2 O-O 14. Rd1 Bxb5 15. Nxb5 N4d5 16. Bd2 a6 17. Nbd4 Nd7 18. Nb3 Nc5 19. Nxc5 Bxc5 20. Ng5 Be7 21. Ne4 Qb6 22. Bc3 Nxc3 23. Nxc3 Rfd8 24. Ne4 Rd4 25. Rxd4 Qxd4 26. Nc3 Rd8 27. Rd1 Qb6 28. Kf1 Rxd1+ 29. Nxd1 Qd4 30. Nc3 1/2-1/2

[Event "DSOL 2021"]
[Site "Germany"]
[Date "2021.02.05"]
[Round "2.1"]
[White "Schroeder, Christoph"]
[Black "Keller, Peter"]
[Result "1/2-1/2"]
[WhiteElo "2166"]
[BlackElo "2359"]
[Annotator "TA"]
[PlyCount "147"]
[EventDate "2021.01.18"]
[EventType "team-tourn"]
[EventCountry "GER"]
[SourceTitle "playchess.com"]
[Source "ChessBase"]
[SourceQuality "1"]
[WhiteTeam "SK Johanneum Eppendorf I"]
[BlackTeam "SK Bickenbach I"]

1. e4 e5 2. Nf3 Nc6 3. d4 exd4 4. Nxd4 Nf6 5. Nc3 Bb4 6. Nxc6 bxc6 7. Bd3 d5 8. exd5 O-O 9. O-O cxd5 10. h3 c6 11. Qf3 h6 12. Bf4 Bd6 13. Rfe1 Rb8 14. b3 Be6 15. Ne2 c5 16. Rad1 Rb6 17. c4 d4 18. Ng3 a5 19. Nf5 Bxf5 20. Bxf5 a4 21. Bc2 axb3 22. axb3 Qa8 23. Bxd6 Qxf3 24. gxf3 Rxd6 25. Ra1 d3 26. Bd1 Re8 27. Rxe8+ Nxe8 28. Ra8 Kf8 29. Kf1 Ke7 30. Rc8 Kd7 31. Rxc5 Nc7 32. b4 Ne6 33. Ra5 Rd4 34. Ra7+ Kd6 35. Rxf7 Rxc4 36. Ke1 Rxb4 37. Kd2 Rf4 38. Rxf4 Nxf4 39. Ke3 Ke5 40. Ba4 Nxh3 41. Kxd3 Kf4 42. Ke2 Ng5 43. Bc6 h5 44. Kf1 h4 45. Kg2 Ne6 46. Bd7 Nd4 47. Bg4 g5 48. Bh5 Nc2 49. Kf1 Nb4 50. Bg4 Nd5 51. Kg2 Ke5 52. Kf1 Nf4 53. Bc8 Kd4 54. Bd7 Kc3 55. Bc8 Kd2 56. Bd7 Kd3 57. Bc8 Kd2 58. Bd7 Kd1 59. Bc8 h3 60. Kg1 Ke2 61. Bb7 Ke1 62. Bc6 Nd3 63. Kh2 Nxf2 64. Bb5 Kd2 65. Kg3 Ke3 66. Bc6 Ke2 67. Bb5+ Ke3 68. Bc6 Nd3 69. Kxh3 Ne5 70. Bb7 Kf2 71. Bd5 Nxf3 72. Kg4 Nd2 73. Kxg5 Nc4 74. Bxc4 1/2-1/2

[Event "DSOL 2021"]
[Site "Germany"]
[Date "2021.02.04"]
[Round "2.1"]
[White "Royal, Shreyas"]
[Black "Kierzek, Matthias"]
[Result "1-0"]
[WhiteElo "2121"]
[BlackElo "2201"]
[Annotator "TA"]
[PlyCount "67"]
[EventDate "2021.01.18"]
[EventType "team-tourn"]
[EventCountry "GER"]
[SourceTitle "playchess.com"]
[Source "ChessBase"]
[SourceQuality "1"]

1. d4 d5 2. c4 c6 3. Nf3 Nf6 4. Nc3 e6 5. e3 Nbd7 6. Qc2 Bd6 7. b3 O-O 8. Bb2 e5 9. dxe5 Nxe5 10. O-O-O Qe7 11. c5 Bc7 12. Ne2 Ne4 13. Ng3 f5 14. Nh5 Bd7 15. Bd4 b6 16. Nf4 bxc5 17. Bb2 Bd6 18. Ba6 Rab8 19. Nxe5 Bxe5 20. f3 Bxb2+ 21. Qxb2 Nf6 22. Rhe1 c4 23. e4 fxe4 24. fxe4 Nxe4 25. Nxd5 cxd5 26. Rxd5 cxb3 27. Bc4 Rfc8 28. Qd4 Qa3+ 29. Kd1 Bg4+ 30. Re2 Bxe2+ 31. Kxe2 Qxa2+ 32. Kf3 Rxc4 33. Qxc4 Qd2 34. Rd8# 1-0

[Event "DSOL 2021"]
[Site "Germany"]
[Date "2021.02.01"]
[Round "2.1"]
[White "Pfrengle, Tim"]
[Black "Baerwolf, Steven"]
[Result "1/2-1/2"]
[WhiteElo "2096"]
[BlackElo "2241"]
[Annotator "TA"]
[PlyCount "77"]
[EventDate "2021.01.18"]
[EventType "team-tourn"]
[EventCountry "GER"]
[SourceTitle "playchess.com"]
[Source "ChessBase"]
[SourceQuality "1"]

1. d4 Nf6 2. Bf4 g6 3. Nc3 d5 4. e3 Bg7 5. Nf3 O-O 6. h4 h5 7. Be2 Ng4 8. Ne5 Nxe5 9. Bxe5 Nc6 10. Bxg7 Kxg7 11. g4 hxg4 12. Bxg4 f5 13. Bf3 f4 14. Qe2 e5 15. dxe5 fxe3 16. O-O-O d4 17. Bxc6 Rxf2 18. Qxe3 dxe3 19. Rxd8 bxc6 20. Ne4 Bf5 21. Nxf2 Rxd8 22. Nd1 e2 23. Nc3 Bg4 24. Re1 Re8 25. Nxe2 Rxe5 26. Kd2 Rxe2+ 27. Rxe2 Bxe2 28. Kxe2 Kh6 29. Kf3 Kh5 30. Kg3 g5 31. hxg5 Kxg5 32. Kf3 Kf5 33. Ke3 Ke5 34. Kd3 Kd5 35. b4 a6 36. c4+ Ke5 37. Ke3 c5 38. bxc5 c6 39. Kd3 1/2-1/2

[Event "DSOL 2021"]
[Site "Germany"]
[Date "2021.02.01"]
[Round "2.1"]
[White "von Zimmermann, Georg"]
[Black "Leidorf, Sebastian"]
[Result "0-1"]
[WhiteElo "2094"]
[BlackElo "2118"]
[Annotator "TA"]
[PlyCount "96"]
[EventDate "2021.01.18"]
[EventType "team-tourn"]
[EventCountry "GER"]
[SourceTitle "playchess.com"]
[Source "ChessBase"]
[SourceQuality "1"]

1. d4 e6 2. Bf4 Nf6 3. e3 b6 4. Qf3 d5 5. Nc3 Bb7 6. Bd3 a6 7. Nge2 c5 8. g4 Nc6 9. Ng3 cxd4 10. exd4 Nxd4 11. Qg2 Nxg4 12. O-O-O Qf6 13. Nh5 Qh4 14. Ne2 Nxe2+ 15. Bxe2 Qxh5 16. h3 Qf5 17. Qxg4 Qxg4 18. hxg4 Bc5 19. Rh2 f6 20. g5 Be7 21. Bh5+ Kd7 22. gxf6 Bxf6 23. Be3 b5 24. f4 g6 25. Bf3 Ke7 26. Rdh1 h5 27. Rg1 Kf7 28. b3 Rac8 29. Bd2 Bc3 30. Be2 b4 31. Bd3 Rcg8 32. Rhg2 Bd4 33. Re1 a5 34. Be3 Bxe3+ 35. Rxe3 d4 36. Reg3 Bxg2 37. Rxg2 Kf6 38. Rg5 h4 39. Rxa5 h3 40. Rb5 h2 41. Be4 h1=Q+ 42. Bxh1 Rxh1+ 43. Kd2 Rc8 44. Rxb4 Rh2+ 45. Kd3 Rcxc2 46. a4 Rhd2+ 47. Ke4 Rc3 48. a5 Re3# 0-1

[Event "DSOL 2021"]
[Site "Germany"]
[Date "2021.02.04"]
[Round "2.1"]
[White "Zymberi, Agron"]
[Black "ArGu"]
[Result "0-1"]
[WhiteElo "2083"]
[BlackElo "1621"]
[Annotator "TA"]
[PlyCount "71"]
[EventDate "2021.01.18"]
[EventType "team-tourn"]
[EventCountry "GER"]
[SourceTitle "playchess.com"]
[Source "ChessBase"]
[SourceQuality "1"]

1. d4 d5 2. Nf3 Nf6 3. Bf4 c5 4. e3 Nc6 5. c3 Qb6 6. Qb3 c4 7. Qc2 Bf5 8. Qc1 e6 9. Nbd2 h6 10. h3 Qd8 11. Be2 Bd6 12. Bxd6 Qxd6 13. O-O O-O 14. Re1 b5 15. Bd1 Bh7 16. Bc2 Ne4 17. Qb1 f5 18. a4 b4 19. cxb4 Qxb4 20. Qc1 Rab8 21. Rb1 Rfc8 22. Nf1 Bg6 23. Qd1 Bh5 24. g4 fxg4 25. Bxe4 gxf3 26. Bxf3 Bxf3 27. Qxf3 Rf8 28. Qg4 Rf6 29. Ng3 Kh7 30. Qe2 Qxa4 31. h4 e5 32. Rbd1 e4 33. Rc1 Nb4 34. Ra1 Qd7 35. Ra5 Rbf8 36. Kg2 0-1

[Event "DSOL 2021"]
[Site "Germany"]
[Date "2021.02.02"]
[Round "2.1"]
[White "Lieberwirth, Kasimir"]
[Black "Schulze, Ulrich"]
[Result "1-0"]
[WhiteElo "2074"]
[BlackElo "2304"]
[Annotator "TA"]
[PlyCount "46"]
[EventDate "2021.01.18"]
[EventType "team-tourn"]
[EventCountry "GER"]
[SourceTitle "playchess.com"]
[Source "ChessBase"]
[SourceQuality "1"]

1. e4 Nf6 2. e5 Nd5 3. d4 d6 4. c4 Nb6 5. exd6 cxd6 6. Nc3 g6 7. h3 Bg7 8. Nf3 O-O 9. Be2 Nc6 10. O-O Bf5 11. Re1 Rc8 12. Bg5 h6 13. Be3 d5 14. c5 Nc4 15. Bxc4 dxc4 16. Qa4 Bd3 17. d5 Bxc3 18. dxc6 Bxe1 19. cxb7 Qa5 20. bxc8=Q Rxc8 21. Qd7 Bf5 22. Qxe7 Bb4 23. Bxh6 Bxc5 1-0

[Event "DSOL 2021"]
[Site "Germany"]
[Date "2021.02.02"]
[Round "2.1"]
[White "Rosenkraenzer, Torsten"]
[Black "Johannsen, Dennis"]
[Result "0-1"]
[WhiteElo "2029"]
[BlackElo "2126"]
[Annotator "TA"]
[PlyCount "56"]
[EventDate "2021.01.18"]
[EventType "team-tourn"]
[EventCountry "GER"]
[SourceTitle "playchess.com"]
[Source "ChessBase"]
[SourceQuality "1"]

1. d4 Nf6 2. c4 g6 3. Nc3 d5 4. cxd5 Nxd5 5. Bd2 Nb6 6. e3 Bg7 7. Nf3 O-O 8. Be2 Nc6 9. O-O e5 10. Nxe5 Nxe5 11. dxe5 Bxe5 12. Qc2 c6 13. Rad1 Qe7 14. e4 Be6 15. Be3 Nc4 16. Bd4 Rad8 17. Bxe5 Nxe5 18. h3 g5 19. Rxd8 Rxd8 20. Rd1 f6 21. Qa4 b5 22. Rxd8+ Qxd8 23. Qxa7 b4 24. Nd1 Qd2 25. Qb8+ Kg7 26. Qc7+ Kh6 27. Qe7 Qxe2 28. Qxe6 Qxd1+ 0-1

[Event "DSOL 2021"]
[Site "Germany"]
[Date "2021.02.02"]
[Round "2.1"]
[White "Schlangenotto, Niklas"]
[Black "Mohaupt, Sascha"]
[Result "0-1"]
[WhiteElo "2008"]
[BlackElo "2198"]
[Annotator "TA"]
[PlyCount "96"]
[EventDate "2021.01.18"]
[EventType "team-tourn"]
[EventCountry "GER"]
[SourceTitle "playchess.com"]
[Source "ChessBase"]
[SourceQuality "1"]

1. e4 e5 2. Nf3 Nc6 3. d4 exd4 4. Bc4 Nf6 5. e5 d5 6. Bb5 Ne4 7. Nxd4 Bd7 8. Bxc6 bxc6 9. O-O Be7 10. f3 Nc5 11. Be3 O-O 12. Nd2 f6 13. f4 fxe5 14. fxe5 Qe8 15. Qe2 Qg6 16. Bf4 Ne6 17. Nxe6 Bxe6 18. Rac1 c5 19. c4 d4 20. Nb3 a5 21. Rce1 Bg4 22. Qd2 a4 23. Nc1 Be6 24. Qe2 Rab8 25. b3 axb3 26. axb3 h6 27. Qe4 Qxe4 28. Rxe4 Ra8 29. Ree1 Ra1 30. Bg3 Rb1 31. Rxf8+ Kxf8 32. Nd3 Rxb3 33. Nf4 Bxc4 34. Ng6+ Kf7 35. Nf4 g5 36. e6+ Kf6 37. Nh3 Re3 38. Rb1 Bxe6 39. Bxc7 Bf5 40. Rb6+ Re6 41. Nf2 Rxb6 42. Bxb6 Ke5 43. g4 Bg6 44. Kf1 c4 45. Ke2 Kd5 46. Ba5 Bd6 47. h3 Bf4 48. Kd1 c3 0-1

[Event "DSOL 2021"]
[Site "Germany"]
[Date "2021.02.04"]
[Round "2.1"]
[White "Gelman, Josef"]
[Black "Ritscher, Jan-Paul"]
[Result "0-1"]
[WhiteElo "2007"]
[BlackElo "2254"]
[Annotator "TA"]
[PlyCount "96"]
[EventDate "2021.01.18"]
[EventType "team-tourn"]
[EventCountry "GER"]
[SourceTitle "playchess.com"]
[Source "ChessBase"]
[SourceQuality "1"]

1. d4 f5 2. Nf3 Nf6 3. Bg5 e6 4. e3 d5 5. Nbd2 c6 6. Be2 Bd6 7. Ne5 O-O 8. h4 Nbd7 9. f4 Qb6 10. Rb1 Ne4 11. Nxe4 fxe4 12. h5 c5 13. O-O cxd4 14. exd4 h6 15. Bh4 Nxe5 16. fxe5 Bxe5 17. Rxf8+ Kxf8 18. Qf1+ Kg8 19. c3 Bd7 20. Be7 Bd6 21. Bxd6 Qxd6 22. Qf2 Rf8 23. Qh4 Qf4 24. Qxf4 Rxf4 25. Kh2 Rf2 26. Re1 Kf8 27. Rf1 Rxf1 28. Bxf1 Ke7 29. Kg3 Kf6 30. Kf4 Be8 31. Be2 a5 32. g4 g6 33. hxg6 Bxg6 34. Bb5 Bf7 35. Be2 Be8 36. Bf1 Ba4 37. b3 Be8 38. Be2 a4 39. Bf1 a3 40. Be2 Bg6 41. Bd1 e3 42. Kxe3 Kg5 43. c4 Bb1 44. cxd5 exd5 45. Kd2 Bxa2 46. Kc2 Kf4 47. Kc3 Bb1 48. b4 Ke3 0-1

[Event "DSOL 2021"]
[Site "Germany"]
[Date "2021.02.05"]
[Round "2.1"]
[White "Mayrhuber, Nikola"]
[Black "Flach, Erich"]
[Result "1-0"]
[WhiteElo "1998"]
[BlackElo "1591"]
[Annotator "TA"]
[PlyCount "89"]
[EventDate "2021.01.18"]
[EventType "team-tourn"]
[EventCountry "GER"]
[SourceTitle "playchess.com"]
[Source "ChessBase"]
[SourceQuality "1"]
[WhiteTeam "Bayern München II Amazonen"]
[BlackTeam "SK Langen I"]

1. d4 Nf6 2. c4 c5 3. d5 e6 4. Nc3 exd5 5. cxd5 d6 6. Nf3 g6 7. g3 Bg7 8. Bg2 O-O 9. O-O Re8 10. Bf4 Nh5 11. Bg5 Qd7 12. Qd2 b5 13. Rae1 b4 14. Nd1 a5 15. Bh6 Bh8 16. Ng5 Nf6 17. h3 Ba6 18. f4 Qe7 19. Kh2 Nbd7 20. Rf3 Nb6 21. Re3 Qc7 22. Rxe8+ Rxe8 23. e4 Nfd7 24. Ne3 Nc4 25. Nxc4 Bxc4 26. Qc2 Ba6 27. Bf1 Qb7 28. b3 Bc3 29. Rd1 Bxf1 30. Rxf1 Qb5 31. Rf3 Nf6 32. f5 Nxd5 33. fxg6 hxg6 34. Nxf7 Qa6 35. Bg5 Re6 36. Nh6+ Kh7 37. Rf7+ Kh8 38. Rf8+ Kg7 39. Qf2 Nf6 40. Rf7+ Kh8 41. Bxf6+ Bxf6 42. Rxf6 d5 43. Rf8+ Kg7 44. Qf7+ Kxh6 45. Rh8+ 1-0

[Event "DSOL 2021"]
[Site "Germany"]
[Date "2021.02.05"]
[Round "2.1"]
[White "Risius, Philipp"]
[Black "Buring, Matthias"]
[Result "1/2-1/2"]
[WhiteElo "1967"]
[BlackElo "2127"]
[Annotator "TA"]
[PlyCount "64"]
[EventDate "2021.01.18"]
[EventType "team-tourn"]
[EventCountry "GER"]
[SourceTitle "playchess.com"]
[Source "ChessBase"]
[SourceQuality "1"]
[WhiteTeam "Biebertaler SF"]
[BlackTeam "SG Arnstadt-Stadtilm"]

1. d4 d5 2. Nf3 e6 3. e3 Nd7 4. Bd3 f5 5. Nbd2 Ngf6 6. b3 Bd6 7. c4 c6 8. Bb2 O-O 9. h3 Ne4 10. Qc2 a5 11. a3 Qf6 12. g4 h6 13. gxf5 exf5 14. Rg1 Rb8 15. Rg2 Rf7 16. O-O-O b6 17. Rdg1 Qe7 18. c5 Bc7 19. b4 axb4 20. axb4 bxc5 21. dxc5 Ne5 22. Nd4 Rxb4 23. Bxe4 fxe4 24. Nxc6 Nxc6 25. Rxg7+ Rxg7 26. Rxg7+ Qxg7 27. Bxg7 Kxg7 28. Qa2 Be6 29. Qa8 Bd7 30. Qa2 Be6 31. Qa8 Bd7 32. Qa2 Be6 1/2-1/2

[Event "DSOL 2021"]
[Site "Germany"]
[Date "2021.02.02"]
[Round "2.1"]
[White "Atri, Jamshid"]
[Black "Mueller, Peter"]
[Result "0-1"]
[WhiteElo "1957"]
[BlackElo "2052"]
[Annotator "TA"]
[PlyCount "65"]
[EventDate "2021.01.18"]
[EventType "team-tourn"]
[EventCountry "GER"]
[SourceTitle "playchess.com"]
[Source "ChessBase"]
[SourceQuality "1"]

1. e4 e5 2. Nf3 Nc6 3. Bb5 a6 4. Ba4 Nge7 5. c3 g6 6. d4 exd4 7. cxd4 Bg7 8. Nc3 b5 9. Bb3 O-O 10. Bg5 Qe8 11. O-O d6 12. h3 Na5 13. Bc2 Nc4 14. Qc1 Bb7 15. Bd3 Nb6 16. Re1 c5 17. dxc5 dxc5 18. Nh2 Qd7 19. Bf1 h5 20. Rb1 Qe6 21. a3 Rac8 22. Bh6 Nc4 23. Nd1 Ne5 24. Bxg7 Kxg7 25. f4 Nd7 26. Nf2 c4 27. Nf3 Qb6 28. Qc3+ f6 29. Rbd1 Rfd8 30. g4 hxg4 31. hxg4 Nc5 32. Rxd8 Rxd8 33. Qe3 0-1

[Event "DSOL 2021"]
[Site "Germany"]
[Date "2021.02.02"]
[Round "2.1"]
[White "Pruefer, Friedbert"]
[Black "Kraemer, Stefan"]
[Result "0-1"]
[WhiteElo "1866"]
[BlackElo "2149"]
[Annotator "TA"]
[PlyCount "70"]
[EventDate "2021.01.18"]
[EventType "team-tourn"]
[EventCountry "GER"]
[SourceTitle "playchess.com"]
[Source "ChessBase"]
[SourceQuality "1"]

1. d4 Nf6 2. Bf4 c5 3. d5 g6 4. Nc3 d6 5. e4 Bg7 6. Nf3 O-O 7. Be2 Nbd7 8. a4 a6 9. O-O Rb8 10. a5 b5 11. axb6 Rxb6 12. Ra2 Rb4 13. Nd2 Nb6 14. Bg3 Nfd7 15. Qa1 Ne5 16. Ncb1 Qe8 17. c3 Ra4 18. Na3 f5 19. b3 Rxa3 20. Rxa3 f4 21. Bh4 g5 22. Bxg5 Qg6 23. Bxe7 f3 24. Nxf3 Nxf3+ 25. Kh1 Re8 26. Bxd6 Nd2 27. Bxc5 Nxf1 28. Bxf1 Be5 29. Qc1 Qf6 30. g3 Bg4 31. f4 Bxc3 32. Bxb6 Bb2 33. Qc5 Bxa3 34. Qxa3 Qxb6 35. e5 Qf2 0-1

[Event "DSOL 2021"]
[Site "Germany"]
[Date "2021.02.03"]
[Round "2.1"]
[White "Marcziter, Dmitrii"]
[Black "Carlstedt, Jonathan"]
[Result "0-1"]
[WhiteElo "1819"]
[BlackElo "2451"]
[Annotator "TA"]
[PlyCount "140"]
[EventDate "2021.01.18"]
[EventType "team-tourn"]
[EventCountry "GER"]
[SourceTitle "playchess.com"]
[Source "ChessBase"]
[SourceQuality "1"]

1. d4 Nf6 2. c4 g6 3. Nf3 Bg7 4. g3 O-O 5. Bg2 d6 6. O-O Nc6 7. Nc3 a6 8. h3 Rb8 9. e4 Nd7 10. Bg5 h6 11. Be3 b5 12. cxb5 axb5 13. Qc1 Kh7 14. Nxb5 Ba6 15. a4 Na5 16. Qc3 c6 17. Rfd1 cxb5 18. axb5 Bxb5 19. Qxa5 Nf6 20. Nd2 Be2 21. Re1 Bd3 22. Qa3 Bb5 23. Rec1 d5 24. e5 Nd7 25. Qa5 Nxe5 26. Bf4 Nc6 27. Qxd8 Rbxd8 28. Rc5 Nxd4 29. Rxd5 Ne2+ 30. Kh2 Nxf4 31. Rxb5 Rxd2 32. gxf4 Rxf2 33. Ra7 e6 34. Rbb7 Kg8 35. b4 Rxf4 36. b5 Be5 37. Kh1 Rf2 38. Rd7 Rb2 39. Bc6 Rh2+ 40. Kg1 Rxh3 41. b6 Rc3 42. Bg2 Rc4 43. Kf1 Bd4 44. Rac7 Rxc7 45. bxc7 Be5 46. Bb7 Bxc7 47. Rxc7 Kg7 48. Kf2 g5 49. Kf3 Kg6 50. Be4+ f5 51. Bc2 Ra8 52. Rc6 Ra3+ 53. Kf2 Kf6 54. Bd1 g4 55. Be2 Ra2 56. Kf1 Ra3 57. Kf2 Ra5 58. Bc4 Re5 59. Bb3 f4 60. Bc4 Re3 61. Ba6 h5 62. Rc4 Ra3 63. Bc8 Ra2+ 64. Kf1 f3 65. Re4 e5 66. Rc4 g3 67. Rc1 Rh2 68. Ke1 Rh1+ 69. Kd2 Rxc1 70. Kxc1 g2 0-1

[Event "DSOL 2021"]
[Site "Germany"]
[Date "2021.02.03"]
[Round "2.1"]
[White "Farokhi, Keyvan"]
[Black "Ophuels, Jan"]
[Result "0-1"]
[WhiteElo "1728"]
[BlackElo "1587"]
[Annotator "NA RC"]
[PlyCount "96"]
[EventDate "2021.01.18"]
[EventType "team-tourn"]
[EventCountry "GER"]
[SourceTitle "playchess.com"]
[Source "ChessBase"]
[SourceQuality "1"]

1. e4 c5 2. Nf3 Nc6 3. d4 cxd4 4. Nxd4 e6 5. Nb5 d6 6. c4 Nf6 7. N1c3 a6 8. Na3 Be7 9. Be2 O-O 10. O-O b6 11. Be3 Bb7 12. Qd2 Ne5 13. f3 d5 14. cxd5 exd5 15. exd5 Nxd5 16. Nxd5 Bxd5 17. Rfd1 Be6 18. Qc3 Qb8 19. Bd4 Bf6 20. Nc4 Bxc4 21. Bxc4 Rc8 22. Bxe5 Bxe5 23. Qb3 Bxh2+ 24. Kh1 Ra7 25. Bxf7+ Rxf7 26. Rd7 Rcf8 27. Re1 Bd6 28. Qd5 Bc5 29. Re4 Qg3 30. b4 Bxb4 31. Qe6 Bc5 32. Rg4 Qf2 33. Kh2 Qg1+ 34. Kh3 Qe3 35. Qd5 g6 36. Re4 Qh6+ 37. Kg3 Qg7 38. Rf4 h6 39. Qe6 Ba3 40. Rc7 Bb2 41. Kh3 Bf6 42. Re4 Kh7 43. Rxf7 Qxf7 44. Qxb6 Qxa2 45. Re6 Kg7 46. Qb7+ Rf7 47. Qc8 Qf2 48. Kh2 Qh4+ 0-1

[Event "DSOL 2021"]
[Site "Germany"]
[Date "2021.02.03"]
[Round "2.1"]
[White "Hartogh, Christian"]
[Black "Juelg, Gabriel"]
[Result "1-0"]
[WhiteElo "1709"]
[BlackElo "1620"]
[Annotator "NA RC"]
[PlyCount "89"]
[EventDate "2021.01.18"]
[EventType "team-tourn"]
[EventCountry "GER"]
[SourceTitle "playchess.com"]
[Source "ChessBase"]
[SourceQuality "1"]

1. e4 c5 2. Nf3 e6 3. d4 cxd4 4. Nxd4 a6 5. Nc3 Qc7 6. Be2 Nf6 7. O-O b5 8. a3 Bb7 9. Bf3 d6 10. Bg5 Nbd7 11. Qe2 Be7 12. Rad1 O-O 13. g3 Ne5 14. Bg2 Nc4 15. Bc1 Nxa3 16. f4 Nc4 17. Kh1 Rac8 18. g4 Rfe8 19. g5 Nd7 20. f5 exf5 21. Nxf5 Bf8 22. Rf4 g6 23. Nh6+ Bxh6 24. gxh6 b4 25. Nd5 Bxd5 26. Rxd5 Ncb6 27. Rd2 Qc4 28. Qf2 Qe6 29. b3 Rc6 30. Qg3 Ne5 31. Rdf2 Nbd7 32. Bh3 Qe7 33. Bb2 Rc5 34. Qe3 Rc7 35. Qd4 Rf8 36. Qxb4 Qg5 37. c4 Nd3 38. Qxd6 Nxf2+ 39. Rxf2 Rb7 40. Bxd7 Rxb3 41. Qd4 f6 42. Be6+ Kh8 43. Rxf6 Qxf6 44. Qxf6+ Rxf6 45. Bxf6# 1-0

[Event "DSOL 2021"]
[Site "Germany"]
[Date "2021.02.01"]
[Round "2.1"]
[White "Azemovic, Almir"]
[Black "Lippert, Frank"]
[Result "0-1"]
[WhiteElo "1620"]
[BlackElo "1741"]
[Annotator "NA RC"]
[PlyCount "71"]
[EventDate "2021.01.18"]
[EventType "team-tourn"]
[EventCountry "GER"]
[SourceTitle "playchess.com"]
[Source "ChessBase"]
[SourceQuality "1"]

1. e4 e5 2. Nf3 Nc6 3. Bc4 Nf6 4. O-O Bc5 5. d4 Bxd4 6. Nxd4 Nxd4 7. Bg5 h6 8. Bh4 g5 9. f4 Nxe4 10. fxe5 Ne6 11. Qf3 f5 12. exf6 Nxf6 13. Qxf6 Qxf6 14. Rxf6 Ke7 15. Bxg5 hxg5 16. Rf5 Nd4 17. Re5+ Kf6 18. Re1 Nxc2 19. Rf1+ Kg7 20. Nc3 Nxa1 21. Rxa1 c6 22. Re1 d5 23. Bd3 Rf8 24. h3 Bf5 25. Bxf5 Rxf5 26. Re7+ Rf7 27. Re5 Kf6 28. Re1 Raf8 29. Kh2 Re7 30. Rf1+ Kg7 31. Rd1 Rf2 32. Rb1 d4 33. Nd1 Rf1 34. Nc3 Rxb1 35. Nxb1 Re2 36. Kg3 0-1

[Event "DSOL 2021"]
[Site "Germany"]
[Date "2021.02.03"]
[Round "2.1"]
[White "Bargsten, Justus"]
[Black "Nolte, Gerhard"]
[Result "1-0"]
[WhiteElo "1620"]
[BlackElo "1620"]
[Annotator "NA RC"]
[PlyCount "97"]
[EventDate "2021.01.18"]
[EventType "team-tourn"]
[EventCountry "GER"]
[SourceTitle "playchess.com"]
[Source "ChessBase"]
[SourceQuality "1"]

1. e4 d5 2. exd5 Qxd5 3. Nc3 Qa5 4. d4 Nf6 5. Nf3 Bg4 6. h3 Bxf3 7. Qxf3 c6 8. g4 e6 9. g5 Nd5 10. Bd2 Nxc3 11. Qxc3 Qd5 12. Rg1 Nd7 13. Bg2 Qf5 14. O-O-O Bd6 15. Qe3 Nb6 16. Be4 Nc4 17. Qd3 Qb5 18. Bc3 O-O-O 19. b3 Bf4+ 20. Kb1 Nd6 21. Qxb5 Nxb5 22. Ba1 h5 23. c4 Nd6 24. Bh1 Rhe8 25. d5 cxd5 26. cxd5 e5 27. g6 f6 28. Bf3 Kb8 29. Bb2 Rh8 30. a4 Rh6 31. Ba3 Nf5 32. Be4 Nd4 33. Be7 Rd7 34. Bxf6 Rh8 35. Bg5 Nxb3 36. Bf5 Rd6 37. Ka2 Bxg5 38. Rxg5 Nd4 39. Be4 Rf8 40. Rxe5 Nc6 41. dxc6 Rxd1 42. cxb7 Re1 43. f3 Rxe4 44. fxe4 Kxb7 45. Re7+ Ka6 46. Rxg7 Re8 47. Rh7 Rxe4 48. Rxh5 Re3 49. Rg5 1-0

[Event "DSOL 2021"]
[Site "Germany"]
[Date "2021.02.03"]
[Round "2.1"]
[White "Noll, Paul"]
[Black "Paul, Anatolij"]
[Result "0-1"]
[WhiteElo "1620"]
[BlackElo "1925"]
[Annotator "TA"]
[PlyCount "126"]
[EventDate "2021.01.18"]
[EventType "team-tourn"]
[EventCountry "GER"]
[SourceTitle "playchess.com"]
[Source "ChessBase"]
[SourceQuality "1"]

1. d4 Nf6 2. c4 e6 3. Nf3 d5 4. Nc3 Bb4 5. Qb3 c5 6. e3 O-O 7. a3 Ba5 8. cxd5 exd5 9. Bd2 cxd4 10. Nxd4 Nc6 11. Nxc6 bxc6 12. Be2 c5 13. O-O d4 14. exd4 cxd4 15. Nb1 Be6 16. Qd3 Bc7 17. Bb4 Re8 18. Bf3 Ng4 19. h3 Ne5 20. Qe4 Nxf3+ 21. Qxf3 Bd5 22. Qg4 Re4 23. f4 h5 24. Qxh5 Bxf4 25. Rxf4 Rxf4 26. Nd2 Bb7 27. Qb5 Qd5 28. Qxd5 Bxd5 29. Re1 Rc8 30. Re5 Ba8 31. Nb3 f6 32. Re7 Bd5 33. Nc5 a5 34. Bd2 Rf5 35. b4 axb4 36. Bxb4 Bf7 37. Nd3 Rc2 38. Rd7 Bd5 39. Ne1 Re2 40. g4 Rg5 41. Nd3 Bc6 42. Rxd4 Rg2+ 43. Kf1 Rg3 44. Nf4 Rf3+ 45. Kg1 Re5 46. Ng6 Re6 47. Rd8+ Be8 48. Ne7+ Kf7 49. Nf5 Rxh3 50. Nd6+ Rxd6 51. Bxd6 Rh4 52. Kf2 Rxg4 53. Kf3 f5 54. Rc8 Bd7 55. Rc7 Ke6 56. Bf8 g5 57. Rc5 Rh4 58. Kg3 Rd4 59. Rc3 f4+ 60. Kf3 Kf5 61. Rc5+ Kg6 62. Be7 g4+ 63. Ke2 Re4+ 0-1